| 000 | 00742nam a22002177a 4500 | ||
|---|---|---|---|
| 999 |
_c20402 _d20402 |
||
| 003 | AR-CdUCM | ||
| 008 | 190307b ||||| |||| 00| 0 spa d | ||
| 040 |
_aMUNICIPALIDAD PROVINCIAL DEL CUSCO _cBIBLIOTECA MUNICIPAL DEL CUSCO |
||
| 082 |
_a808.8 / _bR55 |
||
| 100 |
_aHaggard, Henry Rider _911862 |
||
| 245 | _aLas minas del rey Salomón / | ||
| 260 |
_aEspaña : _bDelsa, _c1964. |
||
| 300 |
_a189 páginas ; _c20 cm. _bIlustraciones, |
||
| 440 |
_aColección Auriga _939799 |
||
| 505 | _aContenido: Mi encuentro con Henry Curtis -- Leyenda de las minas de Salomón -- Umbopa viene con nosotros... | ||
| 650 |
_aNovela _95 |
||
| 650 |
_aClasicos _98885 |
||
| 650 |
_aAventura _91719 |
||
| 942 |
_2ddc _cLIBROS |
||
| 945 |
_adavv _d2019-05-30 |
||